| 000 | 00881cam a2200265 i 4500 | ||
|---|---|---|---|
| 001 | 17890428 | ||
| 005 | 20180926093750.0 | ||
| 008 | 130918s2015 maua b 000 0 eng | ||
| 010 | _a 2013037914 | ||
| 020 | _a9780321962218 (hardcover) | ||
| 020 | _a0321962214 (hardcover) | ||
| 040 |
_aDLC _beng _cDLC _erda _dDLC |
||
| 042 | _apcc | ||
| 050 | 0 | 0 |
_aQA184.2 _b.L46 2015 |
| 082 | 0 | 0 |
_a512.5 _223 |
| 100 | 1 | _aLeon, Steven J. | |
| 245 | 1 | 0 |
_aLinear algebra with applications _cSteven J. Leon, University of Massachusetts, Dartmouth. |
| 250 | _aNinth edition. | ||
| 300 |
_axv, 504 pages ; _c24 cm |
||
| 504 | _aIncludes bibliographical references. | ||
| 650 | 0 |
_aAlgebras, Linear _vTextbooks. |
|
| 906 |
_a7 _bcbc _corignew _d1 _eecip _f20 _gy-gencatlg |
||
| 942 |
_2ddc _cBK |
||
| 999 |
_c490608 _d490608 |
||